000
00219nam a22000857a 4500
008
160816b xxu||||| |||| 00| 0 eng d
100
_9
131
_a
Gupta R.G
245
_a
Mathematics-VIII
260
_a
New Delhi
_b
APC publication
_c
2010
999
_c
2786
_d
2786